| 000 | 00778nam a2200265 a 4500 | ||
|---|---|---|---|
| 001 | 60505 | ||
| 003 | CO-BoRNBP | ||
| 005 | 20260217164124.0 | ||
| 007 | ta | ||
| 008 | 960531s1990 ck a gr 000 0 spa | ||
| 040 |
_aCO-BoBN _bspa _cCO-BoBN |
||
| 082 | 0 | 4 |
_a636.4 _223 |
| 084 | _a0 | ||
| 100 | 1 |
_aCardona C., Héctor _968877 |
|
| 245 | 1 | 0 |
_aAprenda a criar cerdos en 100 lecciones / _cHéctor Cardona C. |
| 250 | _a1a. edición | ||
| 300 |
_a32 p. : _bil. ; _c26 cm |
||
| 336 |
_2rdacontent _atexto _btxt |
||
| 337 |
_2rdamedia _asin mediación _bn |
||
| 338 |
_2rdacarrier _avolumen _bnc |
||
| 490 | 0 |
_aCartilla ilustrada. Instituto Colombiano Agropecuario ; _v41 |
|
| 650 | 1 | 4 |
_aCría de cerdos _2LEMB _93635 |
| 650 | 1 | 4 |
_aCerdos _xProducción _2LEMB _968878 |
| 942 |
_2ddc _cBK |
||
| 999 |
_c60505 _d60505 |
||